| 000 | 00939cam a22002054a 4500 | ||
|---|---|---|---|
| 005 | 20250605163934.0 | ||
| 008 | 250528s ||||||||||||||||||||||||d | ||
| 035 | _a14801 | ||
| 020 | _a91856701 | ||
| 040 |
_aGR-AtMCL _bgre _dGR-AtMCL _eAACR2 |
||
| 245 | 1 | _aBetter Relationships / Practical Ways to Make Your Love Last | |
| 260 | _c2001 | ||
| 300 | _a256 | ||
| 520 | _aIn this book the writer looks at the practical steps that couples can take to keep their love alive long-term. Acknowledgements, Foreword, All You Need is Love, Is This It?, Who Are You Marrying?, Communication, Change and Problems and Crises, Your First Child, Infertility, Affairs, A Death in the Family, Moving, Becoming a Working Mother, Unemployment, Children Reaching Adolescence, Children Leaving Home, Retirement, Sex, Further Help. | ||
| 700 | 1 |
_aLitvinoff Sarah _9563 |
|
| 700 | 1 |
_aVermilion _9564 |
|
| 942 | _cBK | ||
| 999 |
_c417 _d417 |
||